000 00769nam a22002175i 4500
001 160897
003 ES-MaACL
005 20240515063123.0
008 970902s1884 sp |||| | spa d
100 1 _aOjea y Somoza, Telesforo,
_d1858-1890
_9130598
245 1 3 _aEl parlamentarismo /
_cpor Telesforo Ojea y Somoza.
260 _aMadrid :
_b[s.n.],
_c1884 (
_fTip. de Manuel G. Hernández)
300 _a137 p. ;
_c22 cm.
530 _aDisponible en formato digital.
650 _aParlamentarismo.
_9136654
650 4 _aGobierno representativo.
_9138674
852 _aES-MaACL
_jF-10231
_z- Enc. pasta española
856 _uhttp://hdl.handle.net/10651/13184
_zRepositorio de la Universidad de Oviedo
942 _2udc
999 _c160897
_d160897